000 01298nam a2200325 i 4500
001 000017942
003 DO-SdBNP
005 20240521113513.0
007 ta
008 100407t1996 dr 001 0cspa d
040 _aDO-SdBNP
_bspa
_cBNPHU
_erda
082 4 _a929.2
_bM766c
_222
100 1 _aChez Checo, José,
_d1949-
_910145
_eautor
245 1 3 _aLa familia Montás en la historia dominicana 1716-1995 :
_bcronología /
_cJosé Chez Checo ; presentación, Rudyard Montás Bazil ; corrección e índice onomástico, Rafael Deprat
264 _aSanto Domingo :
_bFundación Montás,
_c1996.
300 _a256 páginas ;
_c19 cm.
336 _2rdacontent
_atexto
_btxt
337 _2rdamedia
_asin mediación
_bn
338 _2rdacarrier
_avolumen
_bnc
500 _aIncluye referencias bibliográficas y notas al pie de páginas e índice onomástico.
504 _aBibliografía : p. 229-232.
590 _aInventariado, 2024/BT
600 1 4 _aMontás (Familia)
_xGenealogía
_938907
650 4 _aParentesco
_92156
651 4 _aRepública Dominicana
_xGenealogía
_92157
700 1 _aMontás Bazil, Rudyard Danilo,
_d1948-
_938908
_epresentación
700 1 _aDeprat, Rafael,
_ecorrección e índice onomástico
_982110
910 _aValidado. Control de calidad EMS.
942 _2ddc
_cLBS1
999 _c17466
_d17466